000 00769nam a2200253Ia 4500
003 OSt
005 20221005091451.0
006 a|||||r|||| 00| 0
007 ta
008 221004b |||||||| |||| 00| 0 eng d
020 _a9781137341822 (pbk)
_c1776.31
024 _a21431
037 _b12104, 16/03/2015, Elite Publishers Distributors
_cTextual
040 _aCRL
_cCRL
_beng
041 _2eng
_aeng
082 _aV3:17.N, Q5
100 _aPotter Simon J
_933085
245 0 _aBritish imperial history
260 _aNew York
_bPalgrave macmillan USA
_c2015
300 _aviii,160p.
_ccm.
650 _aHISTORY
942 _hV3:17.N, Q5
_cTEXL
_2cc
999 _c997313
_d997313